=LDR 00000nam 2200000 4500 =001 INLIS000000000014568 =005 20130612105840 =008 ***********************************Ind** =035 ##$$0010-061300000014568 =041 ##$$a Ind =082 ##$$a 636.31 =090 ##$$a 636.31, Her b =100 ##$$a heryadi, Dedi =245 ##$$a Back =850 ##$$a NBPNMAT